Senior fitness test manual / (رقم التسجيلة. 31609)

تفاصيل مارك
000 -الفاتح
حقل البيانات ثابتة الطول 01350cam a2200373 a 4500
001 - رقم الضبط
رقم الضبط 17410743
003 - محدد رقم الضبط
رقم الضبط OSt
005 - وقت وتاريخ اخر تعامل مع التسجيلة
رقم الضبط 20150408114146.0
008 - عناصر البيانات ثابتة الطول - معلومات عامة
حقل البيانات ثابتة الطول 120730s2013 ilua b 001 0 eng
010 ## - رقم ضبط مكتبة الكونجرس
رقم ضبط مكتبة الكونجرس 2012030721
020 ## - الرقم الدولى المعيارى للكتب
الرقم الدولى المعيارى للكتاب 9781450411189
020 ## - الرقم الدولى المعيارى للكتب
الرقم الدولى المعيارى للكتاب 1450411185
035 ## - رقم ضبط النظام
رقم ضبط النظام (DNLM)101589412
040 ## - مصدر الفهرسة
وكالة الفهرسة الأصلية DNLM/DLC
وكالة النسخ DLC
وكالة التعديل DLC
042 ## - رمز التحقق
رمز التحقق pcc
050 00 - رقم طلب مكتبة الكونجرس
رقم التصنيف RA781
رقم المادة .R54 2013
060 10 - رقم الطلب بالمكتبة الطبية الوطنية
رقم التصنيف QT 255
082 00 - رقم تصنيف ديوى العشرى
رقم التصنيف 613.704460287
رقم الطبعة 23
رقم المادة RRS
100 1# - المدخل الرئيسى - إسم شخصى
الإسم الشخصى Rikli, Roberta E.
9 (RLIN) 38672
245 10 - بيان العنوان
العنوان Senior fitness test manual /
بيان المسئوليه,etc Roberta E. Rikli, C. Jessie Jones.
250 ## - بيان الطبعة
بيان الطبعة 2nd ed.
260 ## - PUBLICATION, DISTRIBUTION, ETC. (IMPRINT)
مكان الناشر او الموزع Champaign, IL :
اسم الناشر او الموزع Human Kinetics,
تاريخ النشر أو التوزيع c2013.
300 ## - الوصف المادى
التعداد xiii, 176 p. :
تفاصيل ماديه اخرى للوعاء ill. ;
أبعاد الوعاء 29 cm. +
المادة المصاحبة 1 videodisc.
504 ## - تبصرة ببليوجرافية
تبصرة ببليوجرافية,الخ Includes bibliographical references (p. 175-180) and index.
505 0# - تبصرة محتويات-الفهرس
تبصرة المحتويات المصاغة Fitness testing in later years -- The senior fitness test -- Test validity, reliability, percentile norms, and criterion-referenced standards -- Test administration -- Test results -- Exercise recommendations for older adults.
650 12 - المدخل الاضافى بالموضوع-مصطلح موضوعى
مصطلح موضوعي أو اسم جغرافي كعنصر مدخل Physical Fitness.
650 22 - المدخل الاضافى بالموضوع-مصطلح موضوعى
مصطلح موضوعي أو اسم جغرافي كعنصر مدخل Aged.
650 22 - المدخل الاضافى بالموضوع-مصطلح موضوعى
مصطلح موضوعي أو اسم جغرافي كعنصر مدخل Exercise
التقسيم الفرعي العام physiology.
9 (RLIN) 19563
650 22 - المدخل الاضافى بالموضوع-مصطلح موضوعى
مصطلح موضوعي أو اسم جغرافي كعنصر مدخل Exercise Test
التقسيم الفرعي العام methods.
9 (RLIN) 8989
700 1# - المدخل الاضافى - اسم شخصى
الإسم الشخصى Jones, C. Jessie.
9 (RLIN) 38673
906 ## - عنصر بيانات محلى F, LDF (RLIN)
a 7
b cbc
c orignew
d 1
e ecip
f 20
g y-gencatlg
942 ## - عناصر المدخل الإضافي( كوها)
مصدر التصنيف او مخطط الترفيف Dewey Decimal Classification
Koha [default] item type كتاب
المقتنيات
حالة الفقد نموذج السعر الفعال حالة تلف ليس للاعارة رقم الطلب تاريخ الاكتساب الموقع الحالي الباركود الفرع الرئيسي Date last seen نوع المادة فى نظام كوها مصدر التصنيف او خطة الترفيف Total Checkouts
  2013-10-30     613.704460287 RRS 2013-10-30 المكتبة المركزية بالمجمعة (CL) 00402907 المكتبة المركزية بالمجمعة (CL) 2013-10-30 كتاب Dewey Decimal Classification  
  2013-10-30     613.704460287 RRS 2013-10-30 المكتبة المركزية بالمجمعة (CL) 00402908 المكتبة المركزية بالمجمعة (CL) 2013-10-30 كتاب Dewey Decimal Classification  
  2013-10-30     613.704460287 RRS 2013-10-30 المكتبة المركزية بالمجمعة (CL) 00402909 المكتبة المركزية بالمجمعة (CL) 2013-10-30 كتاب Dewey Decimal Classification  
  2013-10-30     613.704460287 RRS 2013-10-30 مكتبة مجمع الكليات بالزلفى - طلاب (SZM) 00402910 مكتبة مجمع الكليات بالزلفى - طلاب (SZM) 2013-10-30 كتاب Dewey Decimal Classification  
  2013-10-30     613.704460287 RRS 2013-10-30 مكتبة مجمع الكليات بالزلفى - طلاب (SZM) 00402911 مكتبة مجمع الكليات بالزلفى - طلاب (SZM) 2013-10-30 كتاب Dewey Decimal Classification  
  2013-10-30     613.704460287 RRS 2013-10-30 مكتبة مجمع الكليات بالزلفى - طلاب (SZM) 00402912 مكتبة مجمع الكليات بالزلفى - طلاب (SZM) 2013-10-30 كتاب Dewey Decimal Classification